Hockey Abbreviations Quiz - Statistics

General Stats
  • This quiz has been taken 117 times
  • The average score is 12 of 19
Answer Stats
Hint Answer % Correct
G Goals
95%
PTS Points
95%
A Assists
91%
SV% Save Percentage
70%
SOG Shots on Goal
68%
PPG Power Play Goals
67%
P/GP Points Per Game
66%
GF Goals For
65%
GWG Game-Winning Goals
63%
GA Goals Against
63%
OTG Overtime Goals
60%
S% Shot Percentage
54%
TOI Time on Ice
54%
SHG Short-Handed Goals
52%
OTP Overtime Points
51%
PPP Power Play Points
49%
FO% Face-off Win Percentage
48%
SHP Short-Handed Points
46%
PIM Penalty In Minutes
33%
No matching quizzes found
Score Distribution
Percent of People with Each Score
Percentile by Number Answered
Your Score History
You have not taken this quiz